000 00660nam a2200229 i 4500
001 23314
003 ES-MaACL
005 20230906152842.0
007 t|
008 021210s1986 sp ||||1| spa d
020 _a84-7658-007-X
100 1 _aAlvarez, Luis X.
_920660
245 1 0 _aSignos estéticos y teoría
_b: crítica de las ciencias del arte /
_cLuis X. Alvarez.
250 _a1ª ed.
260 _aBarcelona :
_bAnthropos,
_c1986.
300 _a291 p. :
_bil. ;
_c20 cm.
490 1 _aPalabra plastica ;
_v7
500 _aIndices.
830 0 _aPalabra plastica ;
_v7
_9177413
852 _aES-MaACL
_jL-12014
_bR.113351
999 _c23314
_d23314